000 00688nam a2200217Ia 4500
003 OSt
005 20230623153452.0
008 210423s2011 xx 000 0 und d
020 _a81-7851-089-8
040 _cAL
041 _aeng
082 _a823.09 KRII
100 _aKRISHNAIAH (B)
_9111697
245 _aImage of women in the recent Indian English fiction by women
260 _aNew Delhi
_bPrestige Books
_c2011
300 _a279
_bHB
365 _b800
_cINR
650 _aEnglish Criticism
_9111698
906 _aarundhati ; de ; deshpande ; english ; fiction ; githa ; hariharan ; Image ; Indian ; recent ; roy ; shashi ; shobha ; uma ; vasudev ; women
942 _2ddc
_cBK
999 _c167977
_d167977